000 00315nam a22001217a 4500
082 _a621.3815 ANG'E
100 _aANGELO, E. J
_980490
245 _aELECTRONIC CIRCUITS A UNIFIED TREATMENT OF VACUUM TUBES AND TRANSISTORS
250 _a2ND
260 _aNEWYORK
_bMCGRAW HILL
_c1964
300 _a652P
942 _cBK
999 _c585414
_d585414